| 000 | 01041nac a22002771u 4500 | ||
|---|---|---|---|
| 010 | _a 92005879 | ||
| 020 | _a0867203218 (acid-free paper) | ||
| 082 | 0 | 0 |
_a363.7 _bREV |
| 090 |
_c9060 _d9060 |
||
| 100 | _aReVelle, Penelope. | ||
| 245 | 1 | 4 |
_aThe global environment : securing a sustainable future / _cPenelope ReVelle, Charles ReVelle. |
| 260 |
_aBoston : _bJones and Bartlett,c1992. _cc1992. |
||
| 300 |
_axvi, 480 p. : _bill. (some col.), maps ; _c27 cm. |
||
| 500 | _aDistributer: Al-Ahram. | ||
| 504 | _aIncludes bibliographical references and index. | ||
| 511 | _aCatalogued By: Mahitab. | ||
| 650 | 0 |
_aPollution _xEnvironmental aspects. |
|
| 650 | 0 | _aEnvironmental protection. | |
| 650 | 0 | _aHuman ecology. | |
| 650 | 0 |
_aNatural resources _xManagement. |
|
| 650 | 0 | _aEconomic development. | |
| 650 | 0 | _aSustainable development. | |
| 700 | 1 | _aReVelle, Charles. | |
| 942 |
_cBB _k363.7REV |
||
| 999 |
_c9060 _d9060 |
||